Fundamentals of soil ecology.

में बचाया:
ग्रंथसूची विवरण
मुख्य लेखक: Coleman, David C.
अन्य लेखक: Callaham, Jr., Mac A., Crossley, Jr., D.A
स्वरूप: अज्ञात
भाषा:अंग्रेज़ी
प्रकाशित: London, United Kingdom: Academic Press, 2018.
संस्करण:Third edition
विषय:
टैग: टैग जोड़ें
कोई टैग नहीं, इस रिकॉर्ड को टैग करने वाले पहले व्यक्ति बनें!

MARC

LEADER 00000 a2200000 4500
003 CL-VaPUC
005 20230104143821.0
008 210422b2018 ||||| |||| 00| 0 eng d
999 |c 432532  |d 432530 
020 |a 9780128052518 
040 |c Pontificia Universidad Católica de Valparaíso 
082 |a 577.57 COL 2018 
100 1 |a Coleman, David C.   |9 859376 
245 |a Fundamentals of soil ecology. 
250 |a Third edition 
260 |a London, United Kingdom:  |b Academic Press,   |c 2018. 
300 |a 369 páginas  
583 |k Cristina Rojas  |c 20210422 
650 0 |a Ecología del suelo  |9 269510 
700 |a Callaham, Jr., Mac A.  |9 862884 
700 |a Crossley, Jr., D.A.   |9 862885 
942 |2 ddc  |c BK 
952 |0 0  |1 0  |2 ddc  |4 0  |6 577_570000000000000_COL_2018  |7 0  |8 A  |9 578762  |a BIBCUR  |b BIBCUR  |d 2021-08-30  |e 74  |g 64468.00  |i 5588243  |l 4  |o 577.57 COL 2018  |p 5588243  |r 2025-04-22  |s 2024-04-17  |t 1  |v 64468.00  |w 2021-08-30  |y BK  |k BIO 
952 |0 0  |1 0  |2 ddc  |4 0  |6 577_570000000000000_COL_2018  |7 0  |8 A  |9 588485  |a BIBCUR  |b BIBCUR  |c GEN  |d 2023-01-03  |e 3  |g 93436.00  |i 5656266  |o 577.57 COL 2018  |p 5656266  |r 2024-01-29  |t 3  |v 93436.00  |w 2023-01-03  |y BK  |k BIO 
952 |0 0  |1 0  |2 ddc  |4 0  |6 577_570000000000000_COL_2018  |7 0  |8 A  |9 588486  |a BIBCUR  |b BIBCUR  |c GEN  |d 2023-01-03  |e 3  |g 93436.00  |i 5656267  |o 577.57 COL 2018  |p 5656267  |r 2024-01-29  |t 4  |v 93436.00  |w 2023-01-03  |y BK  |k BIO 
952 |0 0  |1 0  |2 ddc  |4 0  |6 577_570000000000000_COL_2018  |7 0  |8 A  |9 588487  |a BIBCUR  |b BIBCUR  |c GEN  |d 2023-01-03  |e 3  |g 93436.00  |i 5656265  |o 577.57 COL 2018  |p 5656265  |r 2024-01-29  |t 2  |v 93436.00  |w 2023-01-03  |y BK  |k BIO 
952 |0 0  |1 0  |2 ddc  |4 0  |6 577_570000000000000_COL_2018  |7 0  |8 A  |9 593029  |a BIBCUR  |b BIBCUR  |c GEN  |d 2023-12-22  |e 13  |g 111979.00  |i 5659944  |o 577.57 COL 2018  |p 5659944  |r 2025-04-22  |t 5  |v 111979.00  |w 2023-12-22  |y BK  |k BIO 
952 |0 0  |1 0  |2 ddc  |4 0  |6 577_570000000000000_COL_2018  |7 0  |8 A  |9 593030  |a BIBCUR  |b BIBCUR  |c GEN  |d 2023-12-22  |e 13  |g 111979.00  |i 5659946  |o 577.57 COL 2018  |p 5659946  |r 2025-04-22  |t 7  |v 111979.00  |w 2023-12-22  |y BK  |k BIO 
952 |0 0  |1 0  |2 ddc  |4 0  |6 577_570000000000000_COL_2018  |7 0  |8 A  |9 593031  |a BIBCUR  |b BIBCUR  |c GEN  |d 2023-12-22  |e 13  |g 111979.00  |i 5659945  |o 577.57 COL 2018  |p 5659945  |r 2025-04-22  |t 6  |v 111979.00  |w 2023-12-22  |y BK  |k BIO